Hockey Quiz - Statistics

General Stats
  • This quiz has been taken 9 times
  • The average score is 12 of 23
Answer Stats
Question Answer % Correct
Who is the best hockey player ever? HI Wayne Gretzky
86%
Did Alex Ovechkin break the goals record? HI Yes
86%
What number is Alex Ovechkin? HI 8
71%
Who won the 2026 winter Olympics for men's hockey? HI USA
71%
Who won the 2026 winter Olympics for women's hockey? HI USA
71%
What number is Auston Matthews? HI 34
57%
How many original teams were there? HI 6
57%
What number is William Nylander HI 88
57%
What number is Connor McDavid? HI 97
57%
What number is Connor Bedard? HI 98
57%
Who is the captain of the Vegas Golden Knights? HI Mark Stone
57%
How many NHL teams are there? HI 32
43%
What number is Quinn Hughes? HI 43
43%
What number is Nikita Kucherov? HI 86
43%
What number is Sidney Crosby? HI 87
43%
What jersey number has been retired from the NHL completely? HI 99
43%
Who is the best defenseman in the NHL right now? HI Cale Makar
43%
What team does Mikko Rantanen play for? HI Dallas Stars
43%
What does NHL stand for HI National Hockey League
43%
Who was the captain of team Canada's winter Olympics for the men? HI Sidney Crosby
43%
When did the NHL start? HI 1917
29%
Who won the Calder Memorial Trophy in 2024-2025? HI Lane Hutson
29%
What is the newest NHL team? HI Utah Mammoth
29%
No matching quizzes found
Score Distribution
Percent of People with Each Score
Percentile by Number Answered
Your Score History
You have not taken this quiz